Bulgaria articles in English
| Format: | Book |
|---|---|
| Language: | English |
| Published: |
London :
Mondaq Business Briefing,
2012
|
| Online Access: | http://vlex.com/source/4859 |
MARC
| LEADER | 00000nam a22000007a 4500 | ||
|---|---|---|---|
| 005 | 20130111140950.0 | ||
| 007 | cr|||| |||| | ||
| 008 | 130111t -ukzu||s |||| 0|||a1eng d | ||
| 035 | |a 4859 | ||
| 040 | |a vLex | ||
| 090 | |c 3504 |d 3504 | ||
| 245 | |a Bulgaria articles in English |h [Recurso electrn̤ico] | ||
| 256 | |6 Servicio en ln̕ea | ||
| 260 | |a London : |b Mondaq Business Briefing, |c 2012 | ||
| 300 | |a 1 Recurso electrn̤ico | ||
| 650 | |2 Legislacin̤ | ||
| 740 | 0 | |a vLex Revistas (Servicio en ln̕ea) | |
| 856 | 4 | |a Acceso restringido |u http://vlex.com/source/4859 | |
| 942 | |c REV | ||
| 999 | 0 | |a Law | |